LEADER 01136nam a2200265 u 4500 001 000000114337 003 CaOOAMICUS 005 20090122183038.0 008 090122s2004 it u000 u ita r 020 $a88-02-06087-8 040 $aPUL$bita$dLDB 100 1 $aTommasi, Roberto,$d1966-$0(OLS)http://pul/name/70530 245 13$aIl nuovo diritto privato della pubblica amministrazione /$cRoberto Tommasi. 260 $aTorino :$bUTET,$c2004. 300 $axvii, 740 p. ;$c24 cm. 490 1 $aGiurisprudenza critica ;$v12 504 $aBibliografia : p. 725-737. 650 14$aAmministrazione pubblica.$0(OLS)http://pul/subject/21473 830 0$aGiurisprudenza critica ;$v12.$0(OLS)http://pul/title/105621 850 $aPUL 852 $aPUL$W1$xSL Diritto e Scienze Sociali 3$y79$m340. 02 COLL 1.12$j130657$qDDC 21$B129732$CPULBib$Z2$F129732 $H109281 $82 941 1 $a9 996 $6020$a88-02-06087-8$9(OLS)http://pul/number/139492 996 $6245$aIl nuovo diritto privato della pubblica amministrazione$9(OLS)http://pul/title/143696 996 $6260$aTorino :$bUTET$9(OLS)http://pul/publisher/48088 LEADER 00930nam a2200229 a 4500 001 000000150986 003 CaOOAMICUS 005 20160404142505.0 008 160404s1968 it u000 u ita r 032 $aLibriCat 040 $aPUL$bita 100 1 $aDoni, Donata.$0(OLS)http://pul/name/96061 245 13$aLa carta dispari /$cDonata Doni ; prefazione di Diego Fabbri. 260 $aRoma :$bEdizioni di Storia e Letteratura,$c1968. 300 $a115 p. :$c21 cm. 650 04$aPoesia italiana.$0(OLS)http://pul/subject/7339 700 1 $aFabbri, Diego.$0(OLS)http://pul/name/65863 850 $aPUL 852 $aPUL$W1$xDP1 Cons. Gen., Altre Classi 1$y22$m711 I 3$j173383$qStampati$B175631$CPULBib$Z2$F175631 $H39560 $81 996 $6245$aLa carta dispari$9(OLS)http://pul/title/190171 996 $6260$aRoma :$bEdizioni di Storia e Letteratura$9(OLS)http://pul/publisher/48123